000 00864nam a2200205 i 4500
001 32378
003 ES-MaACL
005 20230906154549.0
007 t|
008 030131s1960 sp f |||| | spa d
100 1 _aBenito Martínez, José.
_927684
245 1 0 _aEstado actual de la industria española de impregnación de maderas en autoclave /
_cCon un apéndice sobre normas para redactar el anteproyecto de un taller de inyección por el sistema Rüping por José Benito Martínez.
260 _aMadrid :
_bMinisterio de Agricultura, Instituto Forestal de Investigaciones y Esperiencias,
_c1960.
300 _a83 p., 21 lám. ;
_c24 cm.
650 4 _aMadera-
_xConservación.
_9167256
650 4 _aAutoclaves.
_9167257
710 2 _aInstituto Forestal de Investigaciones y Experiencias.
_95059
852 _aES-MaACL
_jC-19893
852 _aES-MaACL
_jB-2178
999 _c32378
_d32378